| 000 | 00915nam a2200241 i 4500 | ||
|---|---|---|---|
| 001 | 91634 | ||
| 003 | ES-MaACL | ||
| 005 | 20251012063044.0 | ||
| 007 | t| | ||
| 008 | 050203s2004 sp ||||1| spa d | ||
| 020 | _a84-609-1167-5 | ||
| 080 | _a913(44+460 Camino de Santiago) (036) | ||
| 080 | _a913(460.21)(036) | ||
| 100 | 1 |
_aRodríguez Arnáez, José Manuel A., _d1944- _9131936 |
|
| 245 | 1 | 0 |
_aCamino de Santiago por Rioja Alta _b: itinerario de Senlis : historia y actualidad, guía práctica : Briñas, Haro, Zarratón ... / _cJosé Manuel A. Rodríguez Arnèz. |
| 250 | _a1ª ed. | ||
| 260 |
_aMadrid : _bJ.M.A. Rodríguez, _c2004. |
||
| 300 |
_a63 p. : _bil. col., mapas ; _c21 cm. |
||
| 651 | 4 |
_aCamino de Santiago- _vGuías turísticas. _97933 |
|
| 651 | 4 |
_aLa Rioja (Comunidad Autónoma)- _vGuías turísticas. _98903 |
|
| 852 |
_aES-MaACL _jL-28315 _bR.135245 |
||
| 999 |
_c91634 _d91634 |
||